[Sul sistema penale / (Record no. 161988)
[ view plain ]
| 000 -LEADER | |
|---|---|
| campo de control de longitud fija | 00781nam a2200193 i 4500 |
| 001 - NÚMERO DE CONTROL | |
| campo de control | 161988 |
| 003 - IDENTIFICADOR DE NÚMERO DE CONTROL | |
| campo de control | ES-MaACL |
| 005 - FECHA Y HORA DE LA ÚLTIMA TRANSACCIÓN | |
| campo de control | 20250912063053.0 |
| 008 - DATOS DE LONGITUD FIJA--INFORMACIÓN GENERAL | |
| campo de control de longitud fija | 041026q1866 xx |||| | ita d |
| 100 1# - ENTRADA PRINCIPAL--NOMBRE DE PERSONA | |
| Nombre de persona | Pessina, Enrico, |
| Fechas asociadas al nombre | 1828-1916 |
| 9 (RLIN) | 91450 |
| 245 11 - MENCIÓN DEL TÍTULO | |
| Título | [Sul sistema penale / |
| Mención de responsabilidad, etc. | Enrico Pessina]. |
| 260 ## - PUBLICACIÓN, DISTRIBUCIÓN, ETC. | |
| Lugar de publicación, distribución, etc. | [S.l. : |
| Nombre del editor, distribuidor, etc. | s.n., |
| Fecha de publicación, distribución, etc. | 1866?] |
| 300 ## - DESCRIPCIÓN FÍSICA | |
| Extensión | 16, [2] p. ; |
| Dimensiones | 23 cm. |
| 594 ## - Nota al título y mención de responsabilidad | |
| Nota al título y mención de responsabilidad | Tít. tomado de antep. y autor de final del texto. |
| 596 ## - NOTA AL PIE DE IMPRENTA | |
| NOTA AL PIE DE IMPRENTA | La fecha más moderna que consta en el texto es 1866. |
| 650 #7 - PUNTO DE ACCESO ADICIONAL DE MATERIA--TÉRMINO DE MATERIA | |
| Término de materia o nombre geográfico como elemento de entrada | Derecho penal- |
| Subdivisión geográfica | Italia |
| Fuente del encabezamiento o término | |
| 9 (RLIN) | 155394 |
| 852 ## - LOCALIZACIÓN | |
| Ubicación | ES-MaACL |
| Número de control de estantería | D-134(18) |
| Nota libre | - Enc. pasta española |
| -- | .- Donativo Lastres |
| condición física | - Ejemp. sin port. |
| Nota libre | - Enc. en un vol. facticio, formando parte de la col. "Estudios penitenciarios", 1 |
| Estatus retirado | Estado de pérdida | Estado de daño | No para préstamo | Colección | Biblioteca de origen | Biblioteca actual | Ubicación en estantería | Fecha de adquisición | Fuente de adquisición | Total de préstamos | Signatura topográfica completa | Código de barras | Visto por última vez | Precio de reemplazo | Tipo de ítem Koha |
|---|---|---|---|---|---|---|---|---|---|---|---|---|---|---|---|
| Libros del s. XIX | Biblioteca del Ateneo de Madrid | Biblioteca del Ateneo de Madrid | Sala Valle Inclán | 17/01/2008 | D-134(18) | 901169687 | 23/02/2023 | 23/02/2023 | Libro impreso antiguo |
